Normal view
MARC view
Entry Topical Term
001 - CONTROL NUMBER
- control field: 54885
003 - CONTROL NUMBER IDENTIFIER
- control field: OSt
005 - DATE AND TIME OF LATEST TRANSACTION
- control field: 20241004144648.0
008 - FIXED-LENGTH DATA ELEMENTS
- fixed length control field: 241004|| aca||aabn | a|a d
040 ## - CATALOGING SOURCE
- Original cataloging agency: OSt
- Transcribing agency: OSt
150 ## - HEADING--TOPICAL TERM
- Topical term or geographic name entry element: ရှင်ဉပဂုတ္တ
- General subdivision: ထေရုပ္ပတ္တိ
670 ## - SOURCE DATA FOUND
- Source citation: Work cat.: (OSt): မင်းကြည်လှိုင်၊ သန်လျင် 19281, ရှင်ဥပဂုတ္တ မထေရ်မြတ်ကြီးထေရုပ္ပတ္တိနှင့် ပရိတ်တော် /, ၁၉၈၉ ။